| 000 | 00536nam a2200169 i 4500 | ||
|---|---|---|---|
| 001 | 91207 | ||
| 003 | ES-MaACL | ||
| 005 | 20230906180651.0 | ||
| 007 | t| | ||
| 008 | 050127s1970 sp ||||1| spa d | ||
| 100 | 1 |
_aLescrauwaet, Joseph. _971830 |
|
| 245 | 1 | 3 |
_aLa unidad de los cristianos en la Biblia / _cJosephus Lascrauwaet ; [versión, Salvador Castellote]. |
| 260 |
_aEstella (Navarra) : _bVerbo Divino, _c[1970] |
||
| 300 |
_a143 p. ; _c18 cm. |
||
| 700 | 1 |
_aCastellote, Salvador. _936577 |
|
| 852 |
_aES-MaACL _jC-46595 _bR.76185 |
||
| 999 |
_c91207 _d91207 |
||